[Event "ESP-chT CECLUB Honor"]
[Site "Linares"]
[Date "2017.08.14"]
[Round "1.2"]
[White "Adhiban, Baskaran"]
[Black "Rakhmanov, Alexander"]
[Result "1/2-1/2"]
[WhiteElo "2677"]
[BlackElo "2663"]
[Annotator "Adhiban,B"]
[PlyCount "81"]
[EventDate "2017.08.14"]
[EventType "team-tourn"]
[EventRounds "7"]
[EventCountry "ESP"]
[SourceTitle "CBM 181"]
[Source "ChessBase"]
[SourceDate "2017.11.10"]
[SourceVersion "1"]
[SourceVersionDate "2017.11.10"]
[SourceQuality "1"]
[WhiteTeam "Solvay CA"]
[BlackTeam "Barcelona Escola Escacs"]
[WhiteTeamCountry "ESP"]
[BlackTeamCountry "ESP"]

{The first game is very important in many tournaments as it can help set the
tone of the tournament (or not :))} 1. e4 d5 {Scandinavian against the master?
I hope you know what game I am referring to...} 2. exd5 Qxd5 3. Nf3 g6 4. d4
Bg7 5. Be2 (5. c4 Qd8 6. Nc3 Nh6 $5 {was the reason why I decided to postpone
c4 for the time being.}) 5... Nh6 6. O-O ({A better move was} 6. Nc3 Qd8 7. Ne4
Nf5 8. c3 {was possibly the best way to this ideal pawn structure.}) 6... Nf5
7. c3 (7. c4 $5 {Continuing the same way!} Qd8 8. d5 {I felt this might be
pushing it a bit, but at the same time I gain quite a lot of space.} c6 9. Nc3
O-O 10. Bf4 {with space advantage.}) 7... O-O (7... c5 8. Na3 $1 cxd4 9. Nb5
Na6 10. Nfxd4 Nxd4 11. Nxd4 Bxd4 12. cxd4 $36) 8. Nbd2 (8. Na3 $1 {[%cal Gc1g5]
I wasn't sure about this as I felt the knight might be misplaced, but it was
more important to keep the path free for the bishop.} c5 (8... b6 9. Ne5) 9.
Nb5 Na6 {Here White's knight is very strong on b5 and can stay there due to
the misplaced knight on a6 which is exactly the point which I missed.} 10. dxc5
Qxc5 11. g4 $5 {This is the way to react to unorthodox manoeuvres like Nh6-f5.}
) 8... c5 9. Bc4 {I decided on this after spending about 30 minutes.} (9. Nb3
$5 cxd4 10. Nfxd4 Nxd4 11. Nxd4 Bxd4 12. Be3 Nc6 13. Bf3 Qc4 $1 14. cxd4 Be6 {
It didn't look as if White can try for a win here.}) 9... Qc6 10. dxc5 Qxc5 11.
Qe2 {Of all the options I saw, this looked like best.} Qc7 (11... b6 $5 12. Qe4
{just lands Black in trouble.}) 12. Re1 {I assessed the position as slightly +/
=/=.} Nc6 13. Nf1 {I wanted to keep the option of both Ne3 & Ng3.} Bd7 ({
It was the ideal moment for} 13... b6 14. Ne3 (14. Ng3 Nxg3 15. hxg3 Bb7 {
looks quite fine for black.} (15... Bg4 16. Bd5 $1 {[%cal Re2c4] is annoying
for Black.})) 14... Nxe3 15. Bxe3 Bb7 16. Bg5 $1 {White still retains some
mild pull.}) 14. Ng3 $1 {Trying to improve the pawn structure.} Rad8 15. Bb3 {
Now there is nothing holding me back!} (15. Bg5 {doesn't achieve anything after
} h6 $1) 15... Bc8 16. Qc4 $1 {Now I threaten both Bf4 and Nf5-Qh4 ideas.} e5 {
There is only one option left for me...} 17. Nxf5 Bxf5 18. Qh4 h5 19. h3 $1 {
Preparing g4.} Bd3 20. Bg5 Rd6 21. Nd2 {As it was a team event, I decided to
choose a safer continuation.} ({Any other day or event, I would have gone for} 
21. g4 $1 hxg4 22. hxg4) 21... Kh7 $1 22. Ne4 Bxe4 23. Qxe4 Bh6 $1 {This
typical defensive plan I overlooked.} 24. Bxh6 Kxh6 25. Rad1 {Because of my
hesitation to play g4, I had let my advantage evaporate!} Rxd1 (25... Rfd8 26.
Rxd6 Rxd6 27. Bd5 f6 {is probably also fine.}) 26. Rxd1 Kg7 27. Qc4 $5 Qe7 28.
Rd5 Rd8 29. h4 {Fixing the pawn structure favourably but it was not the right
order.} (29. g3 {followed by h4 was the right way to do it.}) 29... Rxd5 (29...
Re8 $1 {was interesting, trying to play for the intiative.} 30. g3 e4 {[%cal
Rc6e5]}) 30. Qxd5 Nd8 31. g3 Qc7 32. Kg2 $6 {I played this a bit fast.} (32.
Qe4 {was the best and White's position is more pleasant.}) 32... Ne6 {After
this Black has no problems.} 33. Qb5 Nc5 34. Bd5 a6 35. Qe2 b5 36. a3 (36. c4
b4 {[%csl Gc5] Black will be comfortable with an extremely cool knight on c5.})
36... Na4 $1 (36... Qd6 37. c4 {was the point behind a3.}) 37. Kh2 Nb6 38. Ba2
Qc5 39. Qf3 Nc4 40. Kg2 (40. b4 Qc7) 40... Qc7 (40... e4 41. Qxe4 Nxb2 42. Qb7
{with a draw.}) 41. Bxc4 {My advantage had evaporated, so it was time to be
pragmatic and make a a draw!} (41. Bxc4 Qxc4 (41... bxc4 42. Qd5) 42. Qe3 Qd5+
43. Qf3) 1/2-1/2

[Event "ESP-ch schev 68th"]
[Site "Burgos"]
[Date "2003.10.30"]
[Round "2"]
[White "Arizmendi Martinez, Julen Luis"]
[Black "Narciso Dublan, Marc"]
[Result "1/2-1/2"]
[WhiteElo "2521"]
[BlackElo "2521"]
[Annotator "Arizmendi,J"]
[PlyCount "50"]
[EventDate "2003.10.29"]
[EventType "schev"]
[EventRounds "2"]
[EventCountry "ESP"]
[SourceTitle "EXT 2004"]
[Source "ChessBase"]
[SourceDate "2003.11.25"]
[SourceVersion "1"]
[SourceVersionDate "2003.11.25"]
[SourceQuality "1"]

1. e4 d5 {Narciso usually plays the Pirc Defence, which we have already played
many times. I guess he wanted to give it a rest for the time being, and he
certainly could not complain about the result: he equalized very easily.} 2.
exd5 Qxd5 3. Nc3 Qa5 4. d4 Nf6 5. Nf3 c6 {The main line, popularized by
Mathias Wahls in his book on the Scandinavian.} (5... Nc6 {and}) (5... Bg4 {
are the alternatives.}) 6. Bc4 Bf5 7. Bd2 e6 8. Nd5 (8. Ne4 {is also played
quite often, not with the idea of taking on f6, but to put pressure on the f5
bishop by Ng3, similar to some lines in the Carokann.}) 8... Qd8 9. Nxf6+ Qxf6
{The natural move.} (9... gxf6 {has also been tried, but it does not seem as
logical as the move played in the game.}) 10. Qe2 {following in Shirov´s
footsteps.} Nd7 (10... Bg4 11. d5 $1 {has proven to be very dangerous for
black since Shirov - Salov, so Scandinavian players have decided to go for
natural chess and simply develop pieces.}) 11. O-O-O (11. d5 {is known to give
white nothing since Nataf - Waitzkin, Bermuda 1999} cxd5 12. Bxd5 Be7 13. Bc3
Bb4 14. Bxb4 Qxb2 15. O-O Qxb4 16. Rab1 Qa4 17. Rxb7 O-O 18. Bb3 Qc6 19. Rb4
Nb6 20. Nh4 a5 21. Nxf5 exf5 22. Rh4 a4 23. Bc4 Nxc4 24. Rxc4 Qb5 25. Qd3 {
and the players agreed to a draw.}) 11... Nb6 12. Bd3 $5 {This is a Rublevsky
idea which has worked quite well for him. Nonetheless, I do not think it
promises white any advantage whatsoever.} Bd6 {Black usually exchanges on d3
first, but keeping that option seems to be more flexible.} (12... Bxd3 13. Qxd3
Qg6 $6 14. Qb3 Qxg2 $2 15. Rhg1 $16 Qh3 16. Rg3 Qf5 17. Ne5 Be7 18. Rf3 Qe4 19.
Rxf7 Qd5 20. c4 {1-0 Rublevsky,S-Popov,V/St Petersburg 2001/CBM 82 (20)}) 13.
Ng5 {Active, but it leads to equality.} (13. g3 {is a possible improvement,
but I do not believe white can fight for an advantage.}) 13... Bxd3 14. Qxd3
Bf4 $1 {Black´s strategy in these positions is to exchange as many pieces
possible, trying to take advantage of his sturdier pawn structure in an ending.
I thought white could try to attack the white king, but this is unrealistic.}
15. Ne4 Bxd2+ 16. Rxd2 Qe7 17. f4 {I did not want black to simply castle
kingside, but neither did I want to allow} (17. h4 O-O-O 18. c4 e5 {17.f4
takes care of both of possibilities, but it allows a third one.}) 17... Nd5 {
Trying to exchange knights before showing his hand as far as his king is
concerned.} (17... O-O-O 18. c4 {should be slightly better for white, since he
has the possibility of playing c4-c5 and landing a knight on d6.}) (17... O-O
18. Ng5 $16 {forces a terrible weakening on black´s pawn cover.}) 18. c4 Nf6 (
18... Nxf4 $2 19. Qg3 Nh5 20. Qe5 Nf6 21. Nd6+ Kf8 22. Rf1 {is way too much
compensation for a pawn.}) 19. Re1 O-O-O 20. Nxf6 Qxf6 21. Qe4 {a draw is
unavoidable.} Rd7 22. Red1 Rhd8 23. g3 g6 24. Kc2 h5 25. h4 Qf5 1/2-1/2

[Event "EU-chT (Men) 13th"]
[Site "Leon"]
[Date "2001.11.08"]
[Round "3.4"]
[White "Petrov, Marian"]
[Black "Ibrahimov, Rasul"]
[Result "0-1"]
[WhiteElo "2451"]
[BlackElo "2404"]
[Annotator "Atlas,V"]
[PlyCount "64"]
[EventDate "2001.11.06"]
[EventType "team-swiss"]
[EventRounds "9"]
[EventCountry "ESP"]
[SourceTitle "CBM 086"]
[Source "ChessBase"]
[SourceDate "2002.02.05"]
[SourceVersion "1"]
[SourceVersionDate "2002.02.05"]
[SourceQuality "1"]
[WhiteTeam "Bulgaria"]
[BlackTeam "Azerbaijan"]
[WhiteTeamCountry "BUL"]
[BlackTeamCountry "AZE"]

1. e4 d5 2. exd5 Qxd5 3. Nc3 Qa5 4. d4 Nf6 5. Nf3 c6 6. Ne5 Be6 7. Nc4 Qc7 8.
Bg5 Nbd7 9. Qf3 g6 10. Ne3 Bg7 11. h4 O-O 12. O-O-O b5 13. g4 b4 14. Ne4 Qa5
15. Bxf6 Nxf6 16. Nxf6+ Bxf6 17. Qxc6 Qxa2 18. Qa6 b3 19. c3 Rfc8 20. Qxa2 bxa2
21. Kd2 Rab8 22. b4 {[%tqu "En","Prosaic 22...Bb3 allows White for some
resistance. Do you see a direct and convincing way to conclude the game?",
"Your passed pawn is what counts in this position! How do you help it to go
forward?","Destroy the pawn chain c3-d4 - the main diagonal must be open for
the powerful bishop blow!","c8c3","Most excellent! This spectacula rook
sacrifice marks the beginning of a brilliant endgame combination.",6]} Rxc3 $3
{[%csl Rd4][%cal Gf6a1,Ga2a1]} ({Prosaic} 22... Bb3 {yields White some hopes
after the only move} 23. Ra1 $1 (23. Re1 {loses in view of} e5 $1 24. dxe5 (24.
c4 Be7 25. Nd5 Bxb4+ $19) 24... Bxe5 $19) (23. Rc1 {is refuted by} Bxd4 $1 24.
Ba6 a1=Q {, and} 25. Rxa1 Bxc3+ 26. Kd3 Bxa1 27. Bxc8 Be5 28. Ba6 Rxb4 {
is clearly sufficient for win.}) {Now} 23... e5 {is met by} 24. c4 $1 {, and
White can still resist:} exd4 (24... Be7 25. Kc3 $1 exd4+ $17) 25. Nd5 Bd8 26.
Rh3 $1) 23. Kxc3 {[%tqu "En","How would you justify Black's rook sacrifice on
the previous move?","Your passed pawn is what counts in this position! How do
you help it to go forward?","Use your dark-squared bishop for the decisive
blow.","f6d4","That's it! What a beautiful combination!",5]} Bxd4+ $3 {[%csl
Rc3,Rd1][%cal Gd4a1,Ga2a1,Gb8d8,Gd8d1,Ge6b3] An incredible interaction of all
black pieces makes a strong impression.} 24. Kxd4 $6 (24. Kd2 {was more
stubborn, although Black's advantage must be sufficient for win.}) 24... Rd8+ {
Now the game is over.} 25. Ke4 Rxd1 26. Nxd1 a1=Q 27. Ne3 Qb1+ 28. Kf3 Qxb4 29.
Bd3 a5 30. h5 Qc3 31. Be4 Qf6+ 32. Ke2 Qe5 0-1

[Event "SUI-ch"]
[Site "Leukerbad"]
[Date "2002.07.14"]
[Round "4"]
[White "Gallagher, Joseph G"]
[Black "Klauser, Markus"]
[Result "1-0"]
[WhiteElo "2517"]
[BlackElo "2374"]
[Annotator "Atlas,V"]
[PlyCount "47"]
[EventDate "2002.07.11"]
[EventType "tourn"]
[EventRounds "9"]
[EventCountry "SUI"]
[EventCategory "9"]
[SourceTitle "CBM 091"]
[Source "ChessBase"]
[SourceDate "2002.11.12"]
[SourceVersion "1"]
[SourceVersionDate "2002.11.12"]
[SourceQuality "1"]

1. e4 d5 2. exd5 Qxd5 3. Nc3 Qa5 4. d4 c6 5. Nf3 Nf6 6. Ne5 Be6 7. Bc4 Bxc4 8.
Nxc4 Qd8 9. Bg5 e6 10. Bxf6 gxf6 11. O-O Nd7 12. Qh5 Be7 13. Rfe1 Nf8 14. Rad1
Ng6 15. Ne3 Qd6 16. d5 Nf4 17. Qh6 Nxd5 18. Ncxd5 cxd5 19. Rxd5 Qb4 20. c3 $1
Qxb2 $2 {A decisive mistake. 20...Qe4 or 20...Qb6 was to be preferred.} {
[%tqu "En","All White's pieces are active. How would you use this?","Go after
the enemy king!","Sacrifice your knight!","e3f5","Excellent! This remarkable
sacrifice decides the game for White.",6]} 21. Nf5 $1 {[%csl Re7,Re8][%cal
Ge1e8,Gh6g7,Gd5d8] This impressive knight thrust wins the game.} exf5 (21...
Qxc3 {is eleganty refuted by} 22. Ng7+ Kf8 23. Nxe6+ Ke8 (23... Kg8 24. Qg7#)
24. Qf8+ Bxf8 (24... Rxf8 25. Ng7#) 25. Ng7#) 22. Qg7 $1 {An important
intermediate move.} ({Premature} 22. Qxf6 $2 {is strongly met by} O-O $1) 22...
Rf8 23. Qxf6 $1 {Now after closing for the black king the way to escape, this
move is certainly winnig.} Qa3 24. Rd6 {[%csl Re7,Re8][%cal Ge1e8,Gf6e7] , and
Black resigned in view of inevitable mate.} 1-0

[Event "Bundesliga 9596"]
[Site "Germany"]
[Date "1996.??.??"]
[Round "?.2"]
[White "Atlas, Valeri"]
[Black "Hodgson, Julian M"]
[Result "1/2-1/2"]
[WhiteElo "2440"]
[BlackElo "2615"]
[Annotator "Atlas,V"]
[PlyCount "125"]
[EventDate "1995.10.14"]
[EventType "team-tourn"]
[EventRounds "15"]
[EventCountry "GER"]
[SourceTitle "GER-chT"]
[Source "ChessBase"]
[SourceDate "1999.07.01"]
[SourceVersion "1"]
[SourceVersionDate "1999.07.01"]
[SourceQuality "1"]
[WhiteTeam "Muenchen 36"]
[BlackTeam "Zaehringen"]
[WhiteTeamCountry "GER"]
[BlackTeamCountry "GER"]

1. e4 d5 2. exd5 Nf6 3. d4 Bg4 4. Be2 $5 {4.f3 and 4. Nf3 are more common.}
Bxe2 5. Qxe2 {The best continuation.} (5. Nxe2 $6 Qxd5 6. O-O Nc6 $5 7. Nbc3
Qh5 8. Be3 O-O-O 9. Qd3 Ng4 10. h3 (10. Bf4 $2 e5 $1) 10... Nxe3 11. fxe3 $6 e5
12. Qe4 f6 13. d5 Nb4 14. Ng3 Qg6 15. Nf5 Qf7 $17 {De Vuyst,J-Joseph,F, CCYB
02, 1989}) 5... Qxd5 6. Nf3 Nc6 7. c4 Qf5 (7... Qe4 8. Be3 $1 (8. Nc3 Qxe2+ 9.
Nxe2 e6 10. O-O O-O-O 11. Bf4 Bd6 12. Bxd6 cxd6 13. Rab1 d5 14. c5 Ne4 15. Rfd1
f6 16. Nd2 Ng5 17. h4 Nf7 18. Nf1 $14 {Bruneau,L-Collas,D/Hyeres 1992 (41)})
8... e5 9. d5 Nb4 10. Nc3 Qc2 11. Rb1 Ne4 12. Qxc2 Nxc2+ 13. Ke2 Nxc3+ 14. bxc3
b6 15. Bc1 f6 16. Nd2 c6 17. Kd3 Na3 18. Rb3 $18 {1-0 Magem Badals,
J-Fioramonti,H/Horgen SKA (06) ;CBM 43 1994 (32)}) 8. O-O $1 $146 {This move
is new, although it rather suggests itself.} (8. a3 g6 9. Nc3 Bg7 10. O-O Rd8
11. Rd1 O-O 12. h3 e6 13. Be3 Rd7 14. Rd2 Rfd8 15. Rad1 Ne4 16. Nxe4 Qxe4 17.
Bg5 $2 Qxe2 18. Rxe2 Nxd4 $19 {0-1 Carvalho-Gomez/Moscow olw (05) 1994 (32)})
8... e6 9. Be3 (9. d5 $1 {was better:} Nb4 10. a3 $1 (10. dxe6 O-O-O $1 11. e7
$140 Bxe7 12. Qxe7 Nc2) (10. Nd4 Qd3 11. Qxd3 Nxd3 12. dxe6 O-O-O $132) 10...
Nc2 11. Ra2 $16) (9. Nc3 O-O-O 10. Be3 Bb4 $132) 9... Bd6 (9... O-O-O 10. a3
$14) 10. Nc3 O-O 11. Rad1 Rfe8 {Intending 12...e5} 12. Qd3 (12. Rfe1 $5 {
was stronger:} Rad8 $142 $14 (12... e5 $6 13. d5 e4 $2 14. Nh4 Qe5 15. g3 (15.
f4 $2 exf3 16. Nxf3 Qxe3+ 17. Qxe3 Rxe3 18. Rxe3 Bc5 $17) 15... Nb4 16. Bd4 $18
)) 12... Qh5 $6 {This move does not solve all difficulties.} (12... Qxd3 $142
13. Rxd3 e5 14. d5 (14. dxe5 Nxe5 15. Nxe5 Bxe5 (15... Rxe5 16. Bf4) 16. h3
Rad8 $10) 14... Na5 15. c5 e4 $10) 13. Ne4 Nxe4 14. Qxe4 f5 15. Qh4 $1 Qxh4 16.
Nxh4 {The endings looks good for White in view of good perspectives at the
a-file and weakness of the pawn e6.} f4 17. Bc1 g5 18. Nf3 h6 {The most
logical reply.} (18... g4 $143 19. Ng5 $16 {><e4}) 19. Rfe1 Rad8 20. g4 $1 Kf7
(20... e5 21. d5 $1 (21. dxe5 Nxe5 22. Nxe5 Bxe5 23. Rxd8 Rxd8 24. Rxe5 Rd1+)
21... Nb8 22. Nd2 $16) 21. Kg2 Bb4 $6 {An inaccurate move. Better was} (21...
Be7 22. b3 (22. d5 $2 exd5 23. cxd5 Nb4 24. Ne5+ Kf6) 22... Bf6 23. Bb2 $14)
22. Re4 Be7 23. Bd2 $1 Bf6 24. Bc3 $16 a6 25. h4 b5 26. b3 b4 27. Bb2 Rd6 28.
hxg5 hxg5 29. Rh1 Rg8 $2 {A blunder in a difficult position.} (29... Kg6 30.
Rhe1 $16) 30. Rh7+ Rg7 31. Rxg7+ Kxg7 32. c5 $18 Rd8 33. Rxe6 Ne7 34. Rxa6 (34.
Ne5 Nd5 35. Kf3 Bxe5 (35... Nc3 36. Nc6 $18) 36. Rxe5 Kf6 (36... Kg6 37. Re6+
$18) 37. Ke4 c6) (34. d5 $5 Nxd5 $8 35. Bxf6+ Nxf6 36. Re5) 34... Nd5 35. a3
Re8 36. Ne5 $138 (36. Kf1 $1 {was terminal}) 36... bxa3 37. Rxa3 $2 {Another
inaccuracy in a time-trouble.} (37. Bxa3 $142 Rb8 38. b4 Bxe5 (38... Nxb4 39.
Rxf6 $18) 39. dxe5 Nxb4 40. Bxb4 Rxb4 41. Ra7 $18) 37... Bxe5 38. dxe5 Rb8 39.
Kf3 Rb4 40. e6+ Kf8 41. Be5 Ke7 42. Ra6 Rxb3+ 43. Ke4 Nb4 44. Ra7 Kxe6 45. Rxc7
Rb1 46. Bd6 $2 (46. Bd4 $142 $16) 46... Nd5 $1 $10 47. Rg7 Nf6+ 48. Kd4 (48.
Kf3 Rb3+ 49. Kg2 f3+ 50. Kh3 Ne4 $10) 48... Rd1+ (48... Nxg4 $10) 49. Kc4 Rc1+
(49... Nxg4 $10) 50. Kb5 Ne4 51. Kc6 Nxd6 52. Rg6+ Ke5 53. Rxd6 Ke4 54. Rd5 Kf3
55. Kd6 Kxf2 56. Rxg5 Kg3 (56... Kg2 57. Rf5 f3 58. g5 f2 59. g6 Rd1+ $10 (
59... f1=Q $4 60. Rxf1 Rxf1 61. g7 Rf6+ 62. Ke7 Rg6 63. Kf7)) 57. c6 f3 58. c7
f2 59. Rf5 Rd1+ 60. Ke6 Rc1 61. Kd6 Rd1+ 62. Ke6 Rc1 63. Kd6 (63. Kd7 Rd1+ 64.
Kc8 f1=Q 65. Rxf1 Rxf1 66. g5 Kh4 67. g6 Rg1 68. Kd7 Rd1+ 69. Ke6 Re1+ 70. Kd7
Rd1+ 71. Kc8 Rg1 72. Kb7 Rb1+ $10) 1/2-1/2

[Event "Solin 13th"]
[Site "Solin"]
[Date "2005.12.16"]
[Round "9"]
[White "Cvorovic, Drazen"]
[Black "Dizdarevic, Emir"]
[Result "1-0"]
[WhiteElo "2446"]
[BlackElo "2509"]
[Annotator "Atlas,V"]
[PlyCount "87"]
[EventDate "2005.12.09"]
[EventType "tourn"]
[EventRounds "11"]
[EventCountry "CRO"]
[EventCategory "11"]
[SourceTitle "CBM 111"]
[Source "ChessBase"]
[SourceDate "2006.04.04"]
[SourceVersion "1"]
[SourceVersionDate "2006.04.04"]
[SourceQuality "1"]

1. e4 d5 2. exd5 Qxd5 3. Nc3 Qd8 4. g3 g6 5. Bg2 Bg7 6. Nge2 h5 7. h3 Nh6 8. d3
Nf5 9. Bg5 c6 10. a4 a5 11. O-O Na6 12. Re1 Nc7 13. Nf4 Ne6 14. Nxe6 Bxe6 15.
Ne4 b6 16. c3 Ra7 17. d4 Kf8 18. Qe2 Bd5 19. Kh2 Bf6 20. Bf4 Kg7 21. Red1 Rd7
22. Rd2 Re8 23. Re1 {White's pieces are better placed, exerting a strong
pressure in the center.} Rh8 24. Qa6 Kh7 25. Kg1 (25. Nxf6+ {was quite a
tempting alternative to the text:} exf6 26. Bxd5 cxd5 27. Rde2 {, with a
strong pressure on the e-file.}) 25... Ng7 26. h4 Ne6 27. Be3 Kg7 28. Rde2 Qa8
29. Qd3 Rhd8 30. Bc1 $6 ({Better was} 30. Qc2 c5 31. c4 {, retaining a slight
advantage.}) 30... c5 31. Qe3 Kg8 32. dxc5 Nxc5 33. Nxc5 bxc5 34. Bxd5 Qxd5 35.
Qe4 Qb3 36. Be3 c4 37. Qc6 Rd5 38. Kg2 R8d6 $4 ({This natural move turns out
to be a very bad slip. After} 38... e6 {Black retained a good position.}) 39.
Qe8+ Kg7 {[%tqu "En","Black's king seems to be well protected; yet, White can
decide the game by a brilliant winning combination. Can you find it too?",
"Unleash the power of your rooks!","Sacrifice your bishop!","e3h6","This
terrific blow destroys Black's defense and decides the game for White.",7]} 40.
Bh6+ $3 {[%csl Ge1,Ge2,Re7,Rg7] This amazing move unleashes the power of
White's rooks and yields White an irresistible attack.} Kxh6 {[%tqu "En","How
would you justify the bishop sacrifice on the previous move?","Exploit the
unfortunate position of the enemy king and try to overload the black bishop.",
"Bring your rook into play!","e2e7","This nice move spells a quick end for
Black.",5]} 41. Rxe7 $1 {This powerful blow destroys Black's kingside.} Rf5 ({
The rook is, of course, invulnerable:} 41... Bxe7 42. Qh8#) 42. Rxf7 Rd8 ({
After} 42... Rxf2+ {the shortest way to the victory is} 43. Kh3 {, with
inevitable mate.}) 43. Qe3+ g5 44. Rxf6+ $1 {The final blow crowning White's
attack!} (44. Rxf6+ {Black resigned in view of inevitable mate:} Rxf6 45. Qxg5+
Kh7 46. Re7+ Kh8 47. Qg7#) 1-0

[Event "FRA-chT Gp-B"]
[Site "France"]
[Date "2003.04.04"]
[Round "5.4"]
[White "Sermier, Guillaume"]
[Black "Adrian, Claude"]
[Result "1-0"]
[WhiteElo "2379"]
[BlackElo "2326"]
[Annotator "Atlas,V"]
[PlyCount "85"]
[EventDate "2003.01.31"]
[EventType "team"]
[EventRounds "7"]
[EventCountry "FRA"]
[SourceTitle "CBM 095"]
[Source "ChessBase"]
[SourceDate "2003.07.25"]
[SourceVersion "1"]
[SourceVersionDate "2003.07.25"]
[SourceQuality "1"]
[WhiteTeam "Besancon"]
[BlackTeam "Nancy"]
[WhiteTeamCountry "FRA"]
[BlackTeamCountry "FRA"]

1. e4 d5 2. exd5 Qxd5 3. Nf3 Nf6 4. d4 Nc6 5. c4 Qe4+ 6. Be2 e5 7. Nc3 Bb4 8.
O-O Bxc3 9. bxc3 O-O 10. Bd3 Qg4 11. dxe5 Nd7 12. Bxh7+ Kh8 13. Bc2 Ndxe5 14.
Nxe5 Nxe5 15. Qxg4 Bxg4 16. Bf4 Nxc4 17. Bxc7 Rac8 18. Bf4 Rfd8 19. h3 Be6 20.
Bb3 Kg8 21. Rad1 Kf8 22. Rxd8+ Rxd8 23. Rd1 Rc8 24. Re1 b5 25. Rc1 Ke7 26. a4
a6 27. axb5 axb5 28. Bd1 Nb2 29. Be2 Bc4 30. Bg4 Be6 31. Rb1 Bxg4 32. hxg4 Na4
33. Rxb5 Nxc3 34. Rb7+ Ke6 35. Rb6+ Ke7 36. Be5 f6 37. Rb7+ Kf8 38. Bd6+ Kg8
39. f3 Rd8 40. Ba3 {Despite being pawn down, Black has good chances to escape.}
Nd5 41. Bb2 Nf4 42. g5 Nd3 $4 ({A blunder in a critical position. After} 42...
Rd2 $1 {Black had good chances to draw the game.}) {[%tqu "En","How can White
punish Black's last 'smart' move?","Watch out for geometrical motifs and use a
shaky position of the black rook.","Sacrifice your rook!","b7g7","This elegant
move wins immediately.",3]} 43. Rxg7+ $1 {[%csl Rd8,Rf6,Rg8][%cal Gb2f6]} (43.
Rxg7+ $1 {An elegant refutation of Black's careless play. Black resigned,
since after} Kxg7 44. Bxf6+ Kg6 45. Bxd8 {White is three pawns up.}) 1-0